Reluktančný synchrónny motor

Bibliographic Details
Main Authors: Hrabovcová, Valéria, 1946- (Author), Ličko, Miroslav (Author)
Format: Book
Language:Slovak
Published: Žilina Žilinská univerzita 2001
Edition:1. vydanie
Series:Vedecké monografie
Subjects:

MARC

LEADER 00000cam a2200000 a 4500
001 vtls001451575
003 SK-MaSNL
005 20260302002256.0
008 240226s2001 xo dl grn 000 0 slo
015 |a SNBA2004/10-05563 
020 |a 8071008915 
035 |a SNK000406879 
035 |a urn:nbn:sk:snk-am3j0y9 
035 |a 8A7BFEF1-074D-4242-82A2-FFEA51746164 
035 |a urn:nbn:sk:snk-am00ggi9 
040 |a SNK  |b slo  |c SNK  |e AACR2 
041 0 |a slo 
044 |a xo  |c SK 
072 7 |a 621.3  |x Elektrotechnika  |2 konspekt 
080 |a 621.313.13  |2 2011 
080 |a (048.8)  |2 2011 
080 |a 621.313.323  |2 2011 
100 1 |a Hrabovcová, Valéria,  |d 1946-  |4 aut  |9 113163 
245 1 0 |a Reluktančný synchrónny motor  |c Valéria Hrabovcová, Miroslav Ličko 
250 |a 1. vydanie 
260 |a Žilina  |b Žilinská univerzita  |c 2001 
300 |a 229 strán  |b grafy, schémy, tabuľky  |c 25 cm 
366 |e 100 kusov 
490 1 |a Vedecké monografie 
504 |a Bibliografia na strane 219-229 
650 0 7 |a elektrické motory  |2 SNKPH  |9 50912 
650 0 7 |a elektrické synchrónne motory  |2 SNKPH  |9 74726 
655 7 |a monografie  |2 SNKPH  |9 70139 
700 1 |a Ličko, Miroslav  |4 aut  |9 315559 
830 0 |a Vedecké monografie  |9 315725 
919 |a 80-7100-891-5 
958 |a NB 
999 |c 987313  |d 989243 
952 |t P60, <03>, [BOOK], {603}  |a SNK  |b SNK  |y PREZ  |7 0  |p 17A0380858  |o snkSC 111136  |i snkKSP 4126/2003  |0 0  |1 0  |4 0  |d 2003-03-18  |f 1  |l 0  |r 2025-10-01 00:00:00  |w 2026-02-24 
952 |t P60, <04>, [BOOK], {604}  |a SNK  |b SNK  |y VYP  |7 0  |p 17A0380859  |o snkSC 111136 D1  |i snkKSP 4127/2003  |0 0  |1 0  |4 0  |d 2003-03-18  |l 0  |r 2005-01-02 00:00:00  |w 2026-02-24